| 000 | nam a22 a 4500 | ||
|---|---|---|---|
| 999 |
_c4503 _d4503 |
||
| 003 | AKMAL | ||
| 005 | 20170530153514.0 | ||
| 008 | 1 s2006 my l 00 eng d | ||
| 020 |
_a9678910039 (pbk.): _cRM 10.00 |
||
| 040 | _cAKMAL | ||
| 082 | 0 | 4 |
_a340.595014 INT _221 |
| 090 | 0 | 0 |
_a340.595014 _bINT |
| 110 | 1 |
_aMalaysia _9400 |
|
| 240 | 1 | 0 |
_aAkta Tafsiran 1948 dan 1967. _lEnglish |
| 245 | 1 | 0 |
_aInterpretation Acts 1948 and 1967 (Act 388) : _bas at 5th January 2006 / _ccompiled by Legal Research Board |
| 260 |
_aKuala Lumpur : _bInternational Law Book Services, _c2006 |
||
| 300 | 0 | 0 |
_avi, 69p. ; _c24cm |
| 440 | 0 |
_aLaws of Malaysia _91830 |
|
| 650 | 0 |
_aLaw _xInterpretation and construction _zMalaysia _92340 |
|
| 710 | 2 |
_aLembaga Penyelidikan Undang-Undang _98718 |
|
| 942 |
_2ddc _cBOOK |
||